| 000 | 00000nam 2200000zi 4500 |
| 001 | 9.921787 |
| 003 | CaOODSP |
| 005 | 20230515135640 |
| 006 | m o d f |
| 007 | cr mn||||||||| |
| 008 | 230418t20232023onca ob f000 0 eng d |
| 020 | |a9780660484167 |
| 040 | |aCaOODSP|beng|erda|cCaOODSP |
| 043 | |an-cn--- |
| 086 | 1 |aBT39-74/2023E-PDF |
| 245 | 00|a2023-2026 data strategy for the federal public service. |
| 264 | 1|aOttawa, Ontario : |bTreasury Board of Canada Secretariat = Secrétariat du Conseil du trésor du Canada, |c2023. |
| 264 | 4|c©2023 |
| 300 | |a1 online resource (59 unnumbered pages) : |bcolour illustrations |
| 336 | |atext|btxt|2rdacontent |
| 337 | |acomputer|bc|2rdamedia |
| 338 | |aonline resource|bcr|2rdacarrier |
| 500 | |aIssued also in French under title: Stratégie relative aux données de 2023-2026 pour la fonction publique fédérale. |
| 500 | |a"Published: 2023-04-17." |
| 500 | |a"Date modified: 2023-04-19." |
| 504 | |aIncludes bibliographical references. |
| 650 | 0|aPublic administration|zCanada|xData processing|xPlanning. |
| 650 | 0|aAdministrative agencies|zCanada|xData processing|xPlanning. |
| 650 | 0|aElectronic government information|zCanada|xManagement|xPlanning. |
| 710 | 1 |aCanada. |bTreasury Board, |eissuing body. |
| 775 | 08|tStratégie relative aux données de 2023-2026 pour la fonction publique fédérale.|w(CaOODSP)9.921788 |
| 856 | 40|qPDF|s487 KB|uhttps://publications.gc.ca/collections/collection_2023/sct-tbs/BT39-74-2023-eng.pdf |
| 856 | 4 |qHTML|sN/A|uhttps://www.canada.ca/en/treasury-board-secretariat/corporate/reports/2023-2026-data-strategy.html |